000 00572nam a2200217Ia 4500
003 OSt
005 20220928135943.0
006 a|||||r|||| 00| 0
007 ta
008 220927b |||||||| |||| 00| 0 eng d
024 _a5649
037 _cTextual
040 _aSDCL
_cSDCL
_beng
041 _2eng
_aeng
082 _aX:51n1,N82, M2
100 _aMcAlister Leigh Ed.
_9493301
245 0 _aResearch in marketing
_b A research annual
260 _c1982
942 _hX:51n1,N82, M2
_cTEXL
_2CC
999 _c809098
_d809098